000 00631nam a22002177a 4500
003 OSt
005 20210419071036.0
008 210225s1978 ||||| |||| 00| 0 eng d
020 _a0671813382
040 _aeng
_beng
_cDLC
041 _aeng
080 _a821.111
_bW-60
100 _91118
_aWetering, de van Janwillem
245 _aOutsider in Amsterdam
_c/ by: A Kangaroo Book, Pocket Books
260 _aNew York
_bA Kangaroo Book, Pocket Books
_c1978
300 _a259 p.
365 _b1.95 usd
650 0 _9254
_aEnglish literature
653 _aინგლისური ლიტერატურა
942 _2udc
_cBK
999 _c1973
_d1973